Sự hình thành và phát triển khái niệm các loại phản ứng hóa học vô cơ ở trường phổ thông

Cơ sở lí luận và thực tiễn. Sự hình thành và phát triển khái niệm các loại phản ứng hóa học vô cơ ở trường phổ thông. Thực nghiệm sư phạm

Bewaard in:
Bibliografische gegevens
Hoofdauteur: Chu, Văn Tài
Andere auteurs: Phan, Văn An Th.S (Hướng dẫn)
Formaat: Boek
Taal:Vietnamese
Gepubliceerd in: Đại học Đà Nẵng Trường đại học Sư Phạm 2010
Reeks:Khóa luận tốt nghiệp đại học. Chuyên ngành: Sư phạm Hóa
Onderwerpen:
Tags: Voeg label toe
Geen labels, Wees de eerste die dit record labelt!
Thư viện lưu trữ: Mạng thư viện Đại học Đà Nẵng
LEADER 01296nam a2200325 4500
001 000012003
003 8287
005 20120214150251.0
008 120214s2010 viesd
041 |a vie 
072 |a Khóa luận tốt nghiệp 
082 |a 546  |b CH-T 
100 |a Chu, Văn Tài 
245 |a Sự hình thành và phát triển khái niệm các loại phản ứng hóa học vô cơ ở trường phổ thông  |c Chu, Văn Tài 
260 |a Đại học Đà Nẵng  |b Trường đại học Sư Phạm  |c 2010 
300 |a 74 tr.  |b hình mhọa  |c 29 cm 
490 |a Khóa luận tốt nghiệp đại học. Chuyên ngành: Sư phạm Hóa 
500 |a Tham khảo tr. 74 + phụ lục [35 tr.] 
520 |a Cơ sở lí luận và thực tiễn. Sự hình thành và phát triển khái niệm các loại phản ứng hóa học vô cơ ở trường phổ thông. Thực nghiệm sư phạm 
653 |a Khóa luận tốt nghiệp đại học 
653 |a Khoa Hóa học 
700 |a Phan, Văn An  |c Th.S  |e Hướng dẫn 
OWN |a LSP 
999 |a From the UDN01 
TYP |a Monograph 
TYP |a Printed language 
980 |a Mạng thư viện Đại học Đà Nẵng